| 000 | 00521nam a2200181Ia 4500 | ||
|---|---|---|---|
| 005 | 20240913125953.0 | ||
| 008 | 240913s9999||||xx |||||||||||||| ||und|| | ||
| 041 | _aENGLISH | ||
| 082 | _A625.705 Q6 | ||
| 100 | _aAircraft Technical Institute | ||
| 245 | 0 | _aMaintenance Practices : Aviation Maintenance Techinician Certification Series (Module 07A) | |
| 250 | _a1st | ||
| 260 |
_c2016 _bAircraft Techinical Publi |
||
| 500 | _aREFERENCE | ||
| 650 |
_aMaintenance Engineering _bAME |
||
| 942 | _cREF | ||
| 999 |
_c246673 _d246673 |
||